00241nam a2200097Ia 4500008004100000041000800041082001200049100003500061245003800096260000900134230511s1967 xx 000 0 und d aeng a348.044 aGopalakrishnan Rajagopala Iyer aSupreme Court Encyclopadia 1966  c1967